Pivot (Record no. 349265)

MARC details
000 -LEADER
fixed length control field 00475nam a2200169Ia 4500
008 - FIXED-LENGTH DATA ELEMENTS--GENERAL INFORMATION
fixed length control field 230718s9999 xx 000 0 und d
020 ## - INTERNATIONAL STANDARD BOOK NUMBER
International Standard Book Number 9780241975466
041 ## - LANGUAGE CODE
Language code of text/sound track or separate title eng
082 ## - DEWEY DECIMAL CLASSIFICATION NUMBER
Classification number 650.1
Item number BLA
100 ## - MAIN ENTRY--PERSONAL NAME
Personal name Blake J.
9 (RLIN) 201418
245 ## - TITLE STATEMENT
Title Pivot
Remainder of title The Only Move That Matters Is Your Next One
260 ## - PUBLICATION, DISTRIBUTION, ETC. (IMPRINT)
Date of publication, distribution, etc. 2016
Name of publisher, distributor, etc. Portfolio/Penguin
300 ## - PHYSICAL DESCRIPTION
Extent 270
365 ## - TRADE PRICE
Currency code Rs.
Price amount 599.00
700 ## - ADDED ENTRY--PERSONAL NAME
Personal name Blake J.
9 (RLIN) 201418
906 ## - LOCAL DATA ELEMENT F, LDF (RLIN)
d O:0634018-Jan-2019B:490602-Dec-2018
c GENRL
b 131.78
Holdings
Withdrawn status Lost status Damaged status Not for loan Home library Current library Date acquired Vendor Budget Code Cost, normal purchase price Bill number Total Checkouts Full call number Barcode Date last seen Discount Cost, replacement price Bill Date Koha item type Original Barcode
        Cummins College of Engineering for Women Pune Cummins College of Engineering for Women Pune 18/01/2019 Technical Book Services GENRL 467.22 4906   650.1 CCEP-BK-60472 18/07/2023 131.78 599.00 02/12/2018 Books 060472